| 000 | 00787nam a22002177a 4500 | ||
|---|---|---|---|
| 008 | 100930s2008 ohu|||||r|||| 001 0 eng d | ||
| 020 | _a1439037515 | ||
| 020 | _a9781439037515 | ||
| 082 |
_a658 _bPRI |
||
| 100 |
_95628 _aPride, William M. |
||
| 245 |
_aIntroduction to Business / _cWilliam M. Pride, Robert J. Hughes and Jack R. Kapoor. |
||
| 250 | _a10th ed. | ||
| 260 |
_a[Mason, Ohio?] ; _aUnited Kingdom : _bSouth-Western Cengage Learning, _c2010 |
||
| 300 |
_a628 p. : _bcol. ill. ; _c 28 cm. |
||
| 504 | _aIncludes bibliographical references p. N1-N7 and indexes | ||
| 650 |
_91569 _aIndustrial management |
||
| 650 |
_91592 _aInternational business enterprises |
||
| 700 |
_920000 _aHughes, Robert J. |
||
| 700 |
_920001 _aKapoor, Jack R. |
||
| 942 |
_2ddc _cBB |
||
| 999 |
_c14743 _d14743 |
||